000 00720nam a2200265 i 4500
001 C2-0243135
003 PPAK
005 20180727204928.0
008 021015s2001 my a|||| ||||| | may d
020 _a9836259244
040 _aPPAK
_beng
_cPPAK
_erda
082 0 4 _a530
_223
090 0 0 _a530
_bLAF
_dK
100 1 _aLafferty, Peter,
_eauthor
245 1 0 _aFizik
264 1 _aKuala Lumpur :
_bDewan Bahasa dan Pustaka ,
_c2001
300 _a48 pages :
_bcolour illustrations ;
_c25 cm
336 _2rdacontent
_atext
337 _2rdamedia
_aunmediated
338 _2rdacarrier
_avolume
490 1 _aPerintis sains
650 1 0 _aPhysiscs - Juvenile literature
830 0 _aPerintis sains
942 _ddc
_cB
999 _c57771
_d57771